Pokemon Etymology Quiz - Statistics

General Stats
  • This quiz has been taken 149 times
    140 since last reset
  • The average score is 23 of 27
Answer Stats
Words Pokemon % Correct
blast + tortoise Blastoise
99%
char + salamander Charmander
99%
fear +sparrow Fearow
97%
arcane + canine Arcanine
96%
parasite + insect Parasect
96%
vulpine + six Vulpix
96%
polliwog + wrath Poliwrath
95%
rapid + ash + dash Rapidash
95%
tentacle + cruel Tentacruel
94%
victory + tree + bell Victreebel
94%
prime + primate + ape Primeape
91%
dugong + dew Dewgong
89%
dodo + trio Dodrio
89%
king + fiddler Kingler
88%
wiggle + tough Wigglytuff
87%
lick + tongue Lickitung
82%
marrow + whack Marowak
82%
shell + shelter Shellder
82%
arctic + uno Articuno
80%
molten + tres Moltres
79%
rhino + don Rhydon
79%
kangaroo + Gengis Khan Kangaskhan
78%
zap + dos Zapdos
78%
aero- + pterodactyl Aerodactyl
77%
goldfish + queen Goldeen
75%
dragon + knight Dragonite
73%
ammonite + star Omanyte
57%
No matching quizzes found
Score Distribution
Percent of People with Each Score
Percentile by Number Answered
Your Score History
You have not taken this quiz since the last reset